| 000 | 00377nam a22001217a 4500 | ||
|---|---|---|---|
| 999 |
_c2355 _d2355 |
||
| 005 | 20200914112632.0 | ||
| 008 | 200914b ||||| |||| 00| 0 eng d | ||
| 020 | _a0582641675 | ||
| 040 | _cCML | ||
| 245 |
_aMosi-oa-Tunya: A Handbook to the Victoria Falls Region. _cPhilipson, D.W |
||
| 260 |
_aLondon _bLongman Group Ltd _c1975 |
||
| 942 |
_2ddc _cBK _h916.894 _mPHI |
||